The LLRC Report and good governance (Record no. 3891)

MARC details
000 -LEADER
fixed length control field 00397nam a22001457a 4500
005 - DATE AND TIME OF LATEST TRANSACTION
control field 20231102174650.0
008 - FIXED-LENGTH DATA ELEMENTS--GENERAL INFORMATION
fixed length control field 231016b2013 |||||||| |||| 00| 0 eng d
080 ## - UNIVERSAL DECIMAL CLASSIFICATION NUMBER
Classification Number 320.954
Call Number LIY
942 ## - ADDED ENTRY ELEMENTS (KOHA)
Item Type Reports
100 ## - MAIN ENTRY--PERSONAL NAME
Personal Name Liyanaarachchi, Jagath
245 ## - TITLE STATEMENT
Title The LLRC Report and good governance
260 ## - PUBLICATION, DISTRIBUTION, ETC. (IMPRINT)
Place of Publication Colombo :
Name of Publisher National Peace Council of Sri Lanka,
Date of Copyright 2013
300 ## - PHYSICAL DESCRIPTION
Extent 27p
650 ## - SUBJECT ADDED ENTRY--TOPICAL TERM
Topical Term Good Governance
Holdings
Withdrawn status Lost status Damaged status Not for loan Permanent location Current location Date acquired Total Checkouts Full call number Barcode Date last seen Price effective from Koha item type
        Resource center, Muslim Women's Research And Action Forum Resource center, Muslim Women's Research And Action Forum 2023-11-02   320.954 LIY RAF2633 2023-11-02 2023-11-02 Reports

Copyright © 2023 Muslim Women's Research and Action Forum (MWRAF), No 27/3, Anderson Road, Kalubowila, Dehiwela. Funded by The Asia Fundation